Porte-avions du monde - Statistiques

Statistiques générales
  • Ce quiz a été pris 67 fois
    34 depuis la dernière actualisation
  • Le résultat moyen est 21 sur 78
Statistiques - réponses
Réponse % Correct
Charles de Gaulle
100%
Classe {Charles de Gaulle}
100%
Classe {Gerald R. Ford}
90%
Gerald R. Ford
90%
Classe {Nimitz}
87%
Nimitz
87%
Classe {Queen Elizabeth}
63%
Queen Elizabeth
63%
Dixmude
57%
George H. W. Bush
57%
Abraham Lincoln
53%
Tonnerre
53%
Theodore Roosevelt
50%
Classe {Amiral Kuznetsov} / {Type 001}
47%
Classe {Mistral}
47%
Classe {Mistral}
47%
Mistral
47%
Amiral Kuznetsov
43%
Classe {Amiral Kuznetsov}
43%
Dwight D. Eisenhower
43%
Ronald Reagan
43%
Harry S. Truman
40%
Prince of Wales
40%
Cavour
37%
Classe {Cavour}
37%
Liaoning
33%
George Washington
30%
Shandong
30%
America
27%
Classe {America}
27%
Classe {Juan Carlos I}
27%
Classe {Juan Carlos I}
27%
Juan Carlos I
27%
Carl Vinson
23%
Classe {Izumo}
23%
Classe {Trieste}
23%
Classe {Vikrant}
23%
Izumo
23%
Trieste
23%
Vikrant
23%
John C. Stennis
20%
Canberra
17%
Gamal Abdel Nasser
17%
Classe {Hyuga}
13%
Hyuga
13%
Kaga
13%
Adelaide
10%
Anouar el Sadate
10%
Classe {Ocean} / Classe {Atlântico}
10%
Classe {Wasp}
10%
Vikramaditya
10%
Wasp
10%
Atlântico
7%
Chakri Naruebet
7%
Classe {Chakri Naruebet}
7%
Classe {Kiev}
7%
Hainan
7%
Iwo Jima
7%
Type 001A
7%
Type 075
7%
Anhui
3%
Classe {Dokdo}
3%
Dokdo
3%
Essex
3%
Guangxi
3%
Ise
3%
Makin Island
3%
Tripoli
3%
Bataan
0%
Boxer
0%
Classe {Kalaat Béni Abbès}
0%
Classe {Osumi}
0%
Kalaat Béni Abbès
0%
Kearsarge
0%
Kunisaki
0%
Marado
0%
Osumi
0%
Shimokita
0%
Aucun quiz correspondant
Distribution des résultats
% des personnes avec chaque résultat
Percentile par nombre de réponses
Votre historique - résultats
Vous n’avez pas pris ce quiz depuis la dernière actualisation